中国汉族比例低于70%的地级行政区(2020) - Statistics

General Stats
  • This quiz has been taken 38 times
  • The average score is 61 of 67
Answer Stats
省级 地级 比例 % Correct
西藏 拉萨 26.86%
100%
西藏 那曲 3.11%
97%
西藏 日喀则 5.32%
97%
西藏 昌都 6.12%
97%
青海 果洛 7.07%
97%
广西 崇左 14.74%
97%
广西 河池 16.07%
97%
广西 百色 16.47%
97%
贵州 黔东南 20.93%
97%
云南 西双版纳 33.74%
97%
广西 南宁 48.55%
97%
贵州 黔西南 60.82%
97%
青海 玉树 3.29%
94%
西藏 山南 9.00%
94%
四川 甘孜 17.10%
94%
四川 阿坝 22.10%
94%
青海 海南 22.24%
94%
湖南 湘西 22.53%
94%
西藏 林芝 24.69%
94%
青海 海北 33.05%
94%
云南 普洱 38.81%
94%
湖北 恩施 42.44%
94%
四川 凉山 44.62%
94%
宁夏 吴忠 44.74%
94%
贵州 黔南 45.20%
94%
云南 大理 49.95%
94%
青海 海东 52.88%
94%
河北 承德 55.67%
94%
新疆 巴音郭楞 59.10%
94%
青海 海西 59.24%
94%
宁夏 中卫 63.18%
94%
新疆 和田 6.77%
91%
新疆 喀什 9.78%
91%
云南 怒江 10.69%
91%
西藏 阿里 11.92%
91%
湖南 张家界 24.91%
91%
新疆 阿克苏 26.09%
91%
新疆 伊犁 35.46%
91%
云南 丽江 43.56%
91%
广西 柳州 47.25%
91%
云南 德宏 54.24%
91%
广西 防城港 58.07%
91%
湖南 怀化 61.84%
91%
吉林 延边 66.41%
91%
青海 黄南 6.74%
88%
云南 迪庆 16.73%
88%
广西 来宾 23.35%
88%
新疆 吐鲁番 25.30%
88%
甘肃 甘南 36.87%
88%
甘肃 临夏 37.51%
88%
新疆 阿勒泰 39.10%
88%
云南 文山 42.47%
88%
云南 红河 43.01%
88%
内蒙古 通辽 50.06%
88%
宁夏 固原 53.05%
88%
内蒙古 兴安 53.17%
88%
贵州 安顺 63.85%
88%
云南 玉溪 67.63%
88%
贵州 铜仁 28.25%
84%
新疆 塔城 61.22%
84%
新疆 博尔塔拉 61.60%
84%
辽宁 丹东 64.59%
84%
云南 楚雄 66.26%
84%
新疆 克孜勒苏 10.50%
78%
云南 临沧 61.78%
78%
内蒙古 锡林郭勒 65.82%
78%
辽宁 本溪 66.81%
75%
No matching quizzes found
Score Distribution
Percent of People with Each Score
Percentile by Number Answered
Your Score History
You have not taken this quiz